000 01026nam a2200205 i 4500
001 161604
003 ES-MaACL
005 20250728043247.0
008 931025s1882 sp |||| | spa d
100 1 _aPedregal Cañedo, Manuel,
_d1831-1896
_9130930
245 1 0 _aConcepto de la democracia
_b: resumen de la discusión sostenida en la Sección de Ciencias Morales y Políticas del Ateneo de Madrid durante el curso de 1881 a 1882 /
_cpor el presidente de la Sección, Manuel Pedregal y Cañedo.
260 _aMadrid :
_b[s.n.],
_c1882 (
_fEstab. Tip. de M.P. Montoya y Compañía)
300 _a74 p. ;
_c16 cm.
530 _aDisponible en formato digital.
650 7 _aDemocracia
_2embne
_911574
710 2 _aAteneo de Madrid.
_bSección de Ciencias Morales y Políticas
_91985
852 _aES-MaACL
_jT-411-F-2
_z- Enc. hol.
_q- Falto de cub. original
_z- Enc. en un vol. facticio
856 _uhttp://bdh-rd.bne.es/viewer.vm?id=0000092354&page=1
_zBiblioteca Digital Hispánica
999 _c161604
_d161604